|
|
|
|
| LEADER |
00000cas a2200000 c 4500 |
| 001 |
130187607 |
| 003 |
DE-627 |
| 005 |
20260207114709.0 |
| 007 |
tu |
| 008 |
931116d19752003gw z| m| 0 |0ger c |
| 016 |
7 |
|
|a 012820601
|2 DE-101
|
| 016 |
7 |
|
|a 528380-2
|2 DE-600
|
| 022 |
|
|
|a 2367-3958
|
| 035 |
|
|
|a (DE-627)130187607
|
| 035 |
|
|
|a (DE-576)015731308
|
| 035 |
|
|
|a (DE-599)ZDB528380-2
|
| 035 |
|
|
|a (OCoLC)84250664
|
| 040 |
|
|
|a DE-627
|b ger
|c DE-627
|e rakwb
|
| 041 |
|
|
|a ger
|
| 044 |
|
|
|c XA-DE
|
| 082 |
0 |
4 |
|a 050
|q DE-101
|
| 082 |
0 |
4 |
|a 320
|q DE-600
|
| 084 |
|
|
|a 1
|2 ssgn
|
| 222 |
|
0 |
|a Motive - Texte - Materialien
|
| 245 |
0 |
0 |
|a Motive, Texte, Materialien
|b MTM
|
| 246 |
3 |
3 |
|a MTM
|
| 264 |
3 |
1 |
|a Karlsruhe
|a Heidelberg
|b Müller
|c 1975-2003
|
| 336 |
|
|
|a Text
|b txt
|2 rdacontent
|
| 337 |
|
|
|a ohne Hilfsmittel zu benutzen
|b n
|2 rdamedia
|
| 338 |
|
|
|a Band
|b nc
|2 rdacarrier
|
| 362 |
0 |
|
|a [1.]1975; 2.1976 - 94.2003; damit Ersch. eingest.
|
| 363 |
0 |
0 |
|a 1
|i 1975
|
| 363 |
1 |
0 |
|a 94
|i 2003
|
| 591 |
|
|
|a 31!(23-08-05)
|
| 655 |
|
7 |
|a Monografische Reihe
|0 (DE-588)4179998-7
|0 (DE-627)104628669
|0 (DE-576)209995106
|2 gnd-content
|
| 787 |
0 |
8 |
|i 11u.12=5; 40=6 von
|a Rechtspolitischer Kongreß der SPD (ZDB)
|t Dokumentation / Rechtspolitischer Kongreß der SPD
|d Heidelberg : C. F. Müller, 1965
|w (DE-627)130743178
|w (DE-600)986335-7
|w (DE-576)027059375
|
| 889 |
|
|
|w (DE-603)186198450
|
| 889 |
|
|
|w (DE-576)480521352
|
| 889 |
|
|
|w (DE-627)187134901X
|
| 935 |
|
|
|a mteo
|a RFBW
|
| 935 |
|
|
|i sdedup20220902
|
| 936 |
s |
n |
|a a100
|2 mzub
|
| 951 |
|
|
|a ST
|
| ELC |
|
|
|b 1
|
| LOK |
|
|
|0 000 xxxxxcx a22 zn 4500
|
| LOK |
|
|
|0 001 2481518217
|
| LOK |
|
|
|0 003 DE-627
|
| LOK |
|
|
|0 004 130187607
|
| LOK |
|
|
|0 005 20010918000000
|
| LOK |
|
|
|0 008 870109||||||||||||||||ger|||||||
|
| LOK |
|
|
|0 040
|a DE-21
|c DE-627
|d DE-21
|
| LOK |
|
|
|0 852
|a DE-21
|
| LOK |
|
|
|0 852 1
|9 00
|
| LOK |
|
|
|0 866
|x NAK
|
| LOK |
|
|
|0 935
|a konv
|
| LOK |
|
|
|0 939
|a 1987-01-09
|b l01
|
| LOK |
|
|
|0 000 xxxxxcx a22 zn 4500
|
| LOK |
|
|
|0 001 2481518225
|
| LOK |
|
|
|0 003 DE-627
|
| LOK |
|
|
|0 004 130187607
|
| LOK |
|
|
|0 005 20010920000000
|
| LOK |
|
|
|0 008 980504||||||||||||||||ger|||||||
|
| LOK |
|
|
|0 040
|a DE-21-31
|c DE-627
|d DE-21-31
|
| LOK |
|
|
|0 852
|a DE-21-31
|
| LOK |
|
|
|0 852 1
|c Einzelsignatur
|m p
|9 00
|
| LOK |
|
|
|0 938
|k p
|
| LOK |
|
|
|0 939
|a 1998-05-04
|b l01
|
| LOK |
|
|
|0 000 xxxxxcx a22 zn 4500
|
| LOK |
|
|
|0 001 2481518233
|
| LOK |
|
|
|0 003 DE-627
|
| LOK |
|
|
|0 004 130187607
|
| LOK |
|
|
|0 005 20051122000000
|
| LOK |
|
|
|0 008 051122||||||||||||||||ger|||||||
|
| LOK |
|
|
|0 040
|a DE-21-62
|c DE-627
|d DE-21-62
|
| LOK |
|
|
|0 852
|a DE-21-62
|
| LOK |
|
|
|0 852 1
|m p
|9 00
|
| LOK |
|
|
|0 938
|k p
|
| LOK |
|
|
|0 939
|a 2005-11-22
|b l01
|
| LOK |
|
|
|0 000 xxxxxcx a22 zn 4500
|
| LOK |
|
|
|0 001 2481518241
|
| LOK |
|
|
|0 003 DE-627
|
| LOK |
|
|
|0 004 130187607
|
| LOK |
|
|
|0 005 20010920000000
|
| LOK |
|
|
|0 008 941103||||||||||||||||ger|||||||
|
| LOK |
|
|
|0 040
|a DE-21-35
|c DE-627
|d DE-21-35
|
| LOK |
|
|
|0 852
|a DE-21-35
|
| LOK |
|
|
|0 852 1
|m p
|9 00
|
| LOK |
|
|
|0 938
|k p
|
| LOK |
|
|
|0 939
|a 1994-11-03
|b l01
|
| LOK |
|
|
|0 000 xxxxxcx a22 zn 4500
|
| LOK |
|
|
|0 001 248151825X
|
| LOK |
|
|
|0 003 DE-627
|
| LOK |
|
|
|0 004 130187607
|
| LOK |
|
|
|0 005 20010920000000
|
| LOK |
|
|
|0 008 960430||||||||||||||||ger|||||||
|
| LOK |
|
|
|0 040
|a DE-21-108
|c DE-627
|d DE-21-108
|
| LOK |
|
|
|0 092
|o l
|
| LOK |
|
|
|0 852
|a DE-21-108
|
| LOK |
|
|
|0 852 1
|m p
|9 00
|
| LOK |
|
|
|0 938
|k p
|
| LOK |
|
|
|0 939
|a 1996-04-30
|b l01
|
| LOK |
|
|
|0 000 xxxxxcx a22 zn 4500
|
| LOK |
|
|
|0 001 2481518268
|
| LOK |
|
|
|0 003 DE-627
|
| LOK |
|
|
|0 004 130187607
|
| LOK |
|
|
|0 005 20010920000000
|
| LOK |
|
|
|0 008 940127||||||||||||||||ger|||||||
|
| LOK |
|
|
|0 040
|a DE-21-24
|c DE-627
|d DE-21-24
|
| LOK |
|
|
|0 852
|a DE-21-24
|
| LOK |
|
|
|0 852 1
|m p
|9 00
|
| LOK |
|
|
|0 938
|k p
|
| LOK |
|
|
|0 939
|a 1994-01-27
|b l01
|
| LOK |
|
|
|0 000 xxxxxcx a22 zn 4500
|
| LOK |
|
|
|0 001 2481518276
|
| LOK |
|
|
|0 003 DE-627
|
| LOK |
|
|
|0 004 130187607
|
| LOK |
|
|
|0 005 20251218105852
|
| LOK |
|
|
|0 008 930805||||||||||||||||ger|||||||
|
| LOK |
|
|
|0 040
|a DE-21-110
|c DE-627
|d DE-21-110
|
| LOK |
|
|
|0 852
|z Bände mit Einzelsignaturen
|
| LOK |
|
|
|0 852
|a DE-21-110
|
| LOK |
|
|
|0 852 1
|m p
|9 00
|
| LOK |
|
|
|0 935
|a k110
|
| LOK |
|
|
|0 938
|k p
|
| LOK |
|
|
|0 939
|a 1993-08-05
|b l01
|
| LOK |
|
|
|0 000 xxxxxcx a22 zn 4500
|
| LOK |
|
|
|0 001 2481518284
|
| LOK |
|
|
|0 003 DE-627
|
| LOK |
|
|
|0 004 130187607
|
| LOK |
|
|
|0 005 20040827000000
|
| LOK |
|
|
|0 008 040827||||||||||||||||ger|||||||
|
| LOK |
|
|
|0 040
|a DE-21-58
|c DE-627
|d DE-21-58
|
| LOK |
|
|
|0 852
|a DE-21-58
|
| LOK |
|
|
|0 852 1
|m p
|9 00
|
| LOK |
|
|
|0 938
|k p
|
| LOK |
|
|
|0 939
|a 2004-08-27
|b l01
|
| LOK |
|
|
|0 000 xxxxxcx a22 zn 4500
|
| LOK |
|
|
|0 001 2562863666
|
| LOK |
|
|
|0 003 DE-627
|
| LOK |
|
|
|0 004 130187607
|
| LOK |
|
|
|0 005 20080208114325
|
| LOK |
|
|
|0 008 080208||||||||||||||||ger|||||||
|
| LOK |
|
|
|0 040
|a DE-21-43
|c DE-627
|d DE-21-43
|
| LOK |
|
|
|0 852
|a DE-21-43
|
| LOK |
|
|
|0 852 1
|m p
|9 00
|
| LOK |
|
|
|0 935
|a k043
|a kneu
|
| LOK |
|
|
|0 938
|k p
|
| LOK |
|
|
|0 939
|a 2008-02-08
|b l01
|
| LOK |
|
|
|0 000 xxxxxcx a22 zn 4500
|
| LOK |
|
|
|0 001 2714616348
|
| LOK |
|
|
|0 003 DE-627
|
| LOK |
|
|
|0 004 130187607
|
| LOK |
|
|
|0 005 20120531123707
|
| LOK |
|
|
|0 008 120531||||||||||||||||ger|||||||
|
| LOK |
|
|
|0 040
|a DE-21-52
|c DE-627
|d DE-21-52
|
| LOK |
|
|
|0 852
|a DE-21-52
|
| LOK |
|
|
|0 852 1
|m p
|9 00
|
| LOK |
|
|
|0 938
|k p
|
| LOK |
|
|
|0 939
|a 2012-05-31
|b l01
|
| LOK |
|
|
|0 000 xxxxxcx a22 zn 4500
|
| LOK |
|
|
|0 001 2738544274
|
| LOK |
|
|
|0 003 DE-627
|
| LOK |
|
|
|0 004 130187607
|
| LOK |
|
|
|0 005 20130219090951
|
| LOK |
|
|
|0 008 130219||||||||||||||||ger|||||||
|
| LOK |
|
|
|0 040
|a DE-21-32c
|c DE-627
|d DE-21-32c
|
| LOK |
|
|
|0 852
|a DE-21-32c
|
| LOK |
|
|
|0 852 1
|m p
|9 00
|
| LOK |
|
|
|0 938
|k p
|
| LOK |
|
|
|0 939
|a 2013-02-19
|b l01
|
| LOK |
|
|
|0 000 xxxxxcx a22 zn 4500
|
| LOK |
|
|
|0 001 2805673506
|
| LOK |
|
|
|0 003 DE-627
|
| LOK |
|
|
|0 004 130187607
|
| LOK |
|
|
|0 005 20140709111855
|
| LOK |
|
|
|0 008 140709||||||||||||||||ger|||||||
|
| LOK |
|
|
|0 040
|a DE-21-106
|c DE-627
|d DE-21-106
|
| LOK |
|
|
|0 852
|a DE-21-106
|
| LOK |
|
|
|0 852 1
|m p
|9 00
|
| LOK |
|
|
|0 935
|a k106
|a i106
|
| LOK |
|
|
|0 938
|k p
|
| LOK |
|
|
|0 939
|a 2014-07-09
|b l01
|
| LOK |
|
|
|0 000 xxxxxcx a22 zn 4500
|
| LOK |
|
|
|0 001 2810864195
|
| LOK |
|
|
|0 003 DE-627
|
| LOK |
|
|
|0 004 130187607
|
| LOK |
|
|
|0 005 20140807164031
|
| LOK |
|
|
|0 008 140807||||||||||||||||ger|||||||
|
| LOK |
|
|
|0 040
|a DE-21-64
|c DE-627
|d DE-21-64
|
| LOK |
|
|
|0 852
|a DE-21-64
|
| LOK |
|
|
|0 852 1
|m p
|9 00
|
| LOK |
|
|
|0 935
|a k064
|a i064
|
| LOK |
|
|
|0 938
|k p
|
| LOK |
|
|
|0 939
|a 2014-08-07
|b l01
|
| LOK |
|
|
|0 000 xxxxxcx a22 zn 4500
|
| LOK |
|
|
|0 001 2481519221
|
| LOK |
|
|
|0 003 DE-627
|
| LOK |
|
|
|0 004 130187607
|
| LOK |
|
|
|0 005 19930329000000
|
| LOK |
|
|
|0 008 930329||||||||||||||||ger|||||||
|
| LOK |
|
|
|0 040
|a DE-Frei85
|c DE-627
|d DE-Frei85
|
| LOK |
|
|
|0 852
|a DE-Frei85
|
| LOK |
|
|
|0 852 1
|m p
|9 00
|
| LOK |
|
|
|0 938
|k p
|
| LOK |
|
|
|0 939
|a 1993-03-29
|b l01
|
| ORI |
|
|
|a WA-MARC-krimdokb001.raw
|
| SPR |
|
|
|a 1
|t KRI
|